[Event "2BLO 1819 Nickelhütte Aue - SC NT Nür"]
[Site "?"]
[Date "2018.12.15"]
[Round "3.4"]
[White "Slobodjan, Roman"]
[Black "Mischustov, Michael"]
[Result "1/2-1/2"]
[WhiteElo "2465"]
[BlackElo "2329"]
[PlyCount "75"]
[EventDate "2018.??.??"]

1. Nf3 Nf6 2. g3 g6 3. Bg2 Bg7 4. c4 O-O 5. Nc3 d5 6. cxd5 Nxd5 7. h4 e5 8. Qb3
Nb6 9. h5 Nc6 10. hxg6 hxg6 11. d3 Nd4 12. Nxd4 exd4 13. Ne4 Be6 14. Qc2 Bd5
15. Bf3 Re8 16. Kf1 Qe7 17. Bf4 Bc6 18. Rc1 Nd5 19. Qd2 Nxf4 20. Qxf4 Rad8 21.
g4 Qe5 22. Qd2 Bd5 23. a3 c6 24. Rh3 Re6 25. Kg2 Bxe4 26. Bxe4 Rf6 27. Bf3 Rf4
28. Qb4 Rd7 29. Rc5 Qd6 30. Rc4 Qxb4 31. Rxb4 Rf6 32. Rc4 Rfd6 33. Be4 Be5 34.
Rc5 Re7 35. Rc1 Rc7 36. Rc5 Re7 37. Rc1 Rc7 38. Rc5 1/2-1/2

[Event "2BLO 1819 Nickelhütte Aue - SC NT Nür"]
[Site "?"]
[Date "2018.12.15"]
[Round "3.5"]
[White "Kirchner, Thomas"]
[Black "Spiess, Gunter"]
[Result "1-0"]
[WhiteElo "2334"]
[BlackElo "2418"]
[PlyCount "71"]
[EventDate "2018.??.??"]

1. e4 e6 2. d4 d5 3. exd5 exd5 4. Nf3 Nf6 5. Bd3 Bd6 6. O-O O-O 7. Bg5 Bg4 8.
Nbd2 Nbd7 9. c4 c6 10. c5 Be7 11. Qc2 Re8 12. Rfe1 h6 13. Be3 Qc7 14. b4 Bf8
15. Nh4 Re7 16. h3 Be6 17. f4 g6 18. Ndf3 Ne4 19. Ne5 Bg7 20. Bxe4 dxe4 21.
Qxe4 Nxe5 22. fxe5 Rd8 23. Rf1 Red7 24. Rf2 Rd5 25. Raf1 Kh7 26. Rf6 Bxf6 27.
Rxf6 Rg8 28. Qf4 g5 29. Qe4+ Kg7 30. Nf3 Rh8 31. h4 g4 32. Nh2 h5 33. Nf1 Kf8
34. Qf4 Ke8 35. Ng3 Kd8 36. Rxe6 1-0

[Event "2BLO 1819 Nickelhütte Aue - SC NT Nür"]
[Site "?"]
[Date "2018.12.15"]
[Round "3.6"]
[White "Langrock, Hannes"]
[Black "Walter, Florian"]
[Result "1-0"]
[WhiteElo "2367"]
[BlackElo "2236"]
[PlyCount "93"]
[EventDate "2018.??.??"]

1. d4 Nf6 2. c4 g6 3. g3 Bg7 4. Bg2 d5 5. cxd5 Nxd5 6. e4 Nb6 7. Ne2 c5 8. d5
e6 9. O-O O-O 10. Nec3 exd5 11. exd5 N8d7 12. Nd2 Nf6 13. Nde4 Nxe4 14. Nxe4
Nd7 15. Bg5 Qb6 16. Rb1 Nf6 17. d6 Nxe4 18. Bxe4 Be6 19. b3 f6 20. Bf4 g5 21.
Be3 f5 22. Bd5 Qxd6 23. Bxb7 Qxd1 24. Rbxd1 Rab8 25. Bd5 Bxd5 26. Rxd5 h6 27.
Bxc5 Rf7 28. f4 g4 29. Re1 Rbb7 30. Re6 Kh7 31. Ra6 Rbc7 32. b4 Bf8 33. Ra5
Bxc5+ 34. Raxc5 Rce7 35. Rxf5 Re1+ 36. Kf2 Rfe7 37. Rf7+ Rxf7 38. Kxe1 Re7+ 39.
Kd2 Re4 40. a3 Rd4+ 41. Kc2 Kg6 42. Rc7 a6 43. Rc6+ Kh5 44. f5 Re4 45. Re6 Rc4+
46. Kb3 Rc1 47. Rxa6 1-0

[Event "2BLO 1819 Nickelhütte Aue - SC NT Nür"]
[Site "?"]
[Date "2018.12.15"]
[Round "3.7"]
[White "Hoffmann, Sebastian"]
[Black "Eichner, Sebastian"]
[Result "1/2-1/2"]
[WhiteElo "2064"]
[BlackElo "2361"]
[PlyCount "36"]
[EventDate "2018.??.??"]

1. e4 e5 2. Nf3 Nf6 3. Nc3 Nc6 4. d4 exd4 5. Nxd4 Bb4 6. Nxc6 bxc6 7. Bd3 O-O
8. O-O d5 9. exd5 cxd5 10. h3 h6 11. Qf3 Rb8 12. Bf4 Bd6 13. b3 Rb4 14. Bd2 Rh4
15. Rfe1 c6 16. Ne2 Qc7 17. Ng3 c5 18. Nf5 Bxf5 1/2-1/2

[Event "2BLO 1819 Nickelhütte Aue - SC NT Nür"]
[Site "?"]
[Date "2018.12.15"]
[Round "3.8"]
[White "Wichmann, Cliff"]
[Black "Heimrath, Reiner"]
[Result "1-0"]
[WhiteElo "2266"]
[BlackElo "2241"]
[PlyCount "67"]
[EventDate "2018.??.??"]

1. d4 Nf6 2. c4 g6 3. Nc3 Bg7 4. e4 d6 5. Nf3 O-O 6. Be2 Na6 7. O-O c5 8. d5 e6
9. dxe6 fxe6 10. Bg5 Qb6 11. Qd2 Qc6 12. e5 dxe5 13. Nxe5 Qc7 14. f4 Nb4 15.
Rad1 Nc6 16. Nxc6 Qxc6 17. Bf3 Qb6 18. Kh1 Qb4 19. Qe2 a6 20. Rd2 h6 21. Bh4
Ra7 22. a3 Qb3 23. Ne4 Nxe4 24. Bxe4 b5 25. cxb5 Rd7 26. Rxd7 Bxd7 27. Bc6 Bxc6
28. bxc6 Qd5 29. Qxa6 Qd6 30. Bg3 Rf7 31. f5 e5 32. fxg6 Qxg6 33. Qc4 Qe6 34.
Qxe6 1-0

[Event "2BLO 1819 FC Bayern München - SK Weilh"]
[Site "?"]
[Date "2018.12.15"]
[Round "3.1"]
[White "Lehner, Oliver"]
[Black "Studer, Noel"]
[Result "0-1"]
[WhiteElo "2399"]
[BlackElo "2494"]
[PlyCount "74"]
[EventDate "2018.??.??"]

1. Nf3 d5 2. d4 e6 3. c4 dxc4 4. e3 Nf6 5. Bxc4 a6 6. O-O c5 7. a4 cxd4 8. exd4
Nc6 9. Nc3 Be7 10. Bg5 O-O 11. Re1 h6 12. Bh4 Bd7 13. Rc1 Rc8 14. Ba2 Qa5 15.
Ne5 Rfd8 16. Nxf7 Kxf7 17. d5 Be8 18. Rxe6 Kf8 19. d6 Qb4 20. Rxf6+ gxf6 21.
Qd5 Qg4 22. h3 Qg7 23. Ne4 Bf7 24. Qxf7+ Qxf7 25. Bxf7 Kxf7 26. dxe7 Rd4 27. f3
Nxe7 28. Re1 Rc6 29. b3 Rb4 30. Bf2 Rxb3 31. Rd1 Rb2 32. Rd8 f5 33. Nd2 Rc1+
34. Kh2 Nc6 35. Rd7+ Ke6 36. Rd3 Nb4 37. Rd8 Nd5 0-1

[Event "2BLO 1819 FC Bayern München - SK Weilh"]
[Site "?"]
[Date "2018.12.15"]
[Round "3.2"]
[White "Fedorovsky, Michael"]
[Black "Bayer, Bernhard"]
[Result "1/2-1/2"]
[WhiteElo "2463"]
[BlackElo "2404"]
[PlyCount "57"]
[EventDate "2018.??.??"]

1. d4 Nf6 2. c4 e6 3. Nf3 b6 4. g3 Ba6 5. Qc2 c5 6. d5 exd5 7. cxd5 Bb7 8. e4
Qe7 9. Bg2 Qxe4+ 10. Qxe4+ Nxe4 11. O-O Nd6 12. Re1+ Kd8 13. Bf4 Na6 14. Nc3 f6
15. Bxd6 Bxd6 16. Nb5 Bb8 17. a3 Rf8 18. Nd2 Be5 19. Nc4 Nc7 20. Nxc7 Kxc7 21.
d6+ Kc8 22. Nxe5 fxe5 23. Rxe5 Bxg2 24. Kxg2 Rf6 25. Rd1 Re6 26. Rf5 Rf6 27.
Re5 Re6 28. Rf5 Rf6 29. Re5 1/2-1/2

[Event "2BLO 1819 FC Bayern München - SK Weilh"]
[Site "?"]
[Date "2018.12.15"]
[Round "3.3"]
[White "Guttenthaler, Franz"]
[Black "Johansson, Linus"]
[Result "0-1"]
[WhiteElo "2339"]
[BlackElo "2470"]
[PlyCount "78"]
[EventDate "2018.??.??"]

1. d4 Nf6 2. c4 e6 3. Nf3 d5 4. Nc3 Nbd7 5. cxd5 exd5 6. Bg5 c6 7. e3 h6 8. Bh4
g5 9. Bg3 Nh5 10. Bd3 Nxg3 11. hxg3 Bg7 12. Qc2 Qe7 13. O-O-O Nb6 14. e4 dxe4
15. Bxe4 Be6 16. Rhe1 g4 17. Nh4 O-O-O 18. Kb1 Kb8 19. Bf5 Qb4 20. a3 Qc4 21.
Re4 Rxd4 22. Rdxd4 Bxd4 23. Bxe6 fxe6 24. Rxg4 c5 25. Ne4 Qf1+ 26. Qc1 Qe2 27.
f3 h5 28. Rg6 Rd8 29. Nc3 Bxc3 30. Qxc3 Na4 31. Qb3 Rd2 32. Rg8+ Kc7 33. Rg7+
Kd6 34. Rd7+ Kxd7 35. Qxa4+ Kd8 36. Qa5+ b6 37. Qc3 c4 38. Ng6 Qd1+ 39. Ka2
Qb3+ 0-1

[Event "2BLO 1819 FC Bayern München - SK Weilh"]
[Site "?"]
[Date "2018.12.15"]
[Round "3.5"]
[White "de Francesco, Klaus"]
[Black "Zajogin, Alexander"]
[Result "0-1"]
[WhiteElo "2253"]
[BlackElo "2412"]
[PlyCount "92"]
[EventDate "2018.??.??"]

1. e4 e5 2. Nf3 Nc6 3. Bc4 Bc5 4. c3 Nf6 5. d3 a6 6. O-O Ba7 7. Bb3 d6 8. Re1
O-O 9. h3 h6 10. Nbd2 Ne7 11. Nf1 g5 12. N3h2 Ng6 13. d4 Nf4 14. Ng3 c5 15. Be3
Qe7 16. Bc2 Kg7 17. Ng4 Rh8 18. Nxf6 Kxf6 19. Nf5 Bxf5 20. exf5 h5 21. Qd2 h4
22. Rad1 Rad8 23. d5 b5 24. Be4 c4 25. Bxf4 gxf4 26. Bf3 Kxf5 27. Bg4+ Kg5 28.
Re4 Qf8 29. Rde1 Re8 30. Bd7 Re7 31. Bc6 f5 32. R4e2 Kf6 33. Kh2 Qg7 34. f3 Be3
35. Rxe3 fxe3 36. Qxe3 Qg5 37. Qe2 Rg8 38. Kh1 e4 39. Rf1 exf3 40. Qxf3 Re3 41.
Qf2 Rd3 42. Bd7 Rd2 43. Qxf5+ Qxf5 44. Bxf5 Rgxg2 45. Bc8+ Rgf2 46. Rxf2+ Rxf2
0-1

[Event "2BLO 1819 FC Bayern München - SK Weilh"]
[Site "?"]
[Date "2018.12.15"]
[Round "3.6"]
[White "Lindgren, Philip"]
[Black "Lochte, Thomas"]
[Result "1-0"]
[WhiteElo "2374"]
[BlackElo "2107"]
[PlyCount "65"]
[EventDate "2018.??.??"]

1. d4 Nf6 2. c4 e5 3. dxe5 Ng4 4. e3 Bb4+ 5. Bd2 Bxd2+ 6. Qxd2 Nxe5 7. Nc3 O-O
8. O-O-O Nbc6 9. f4 Ng6 10. h4 d6 11. h5 Nge7 12. h6 g6 13. Nf3 Bg4 14. e4 f5
15. Bd3 a6 16. Rde1 Bxf3 17. gxf3 Nd4 18. Ne2 Nxe2+ 19. Rxe2 Nc6 20. exf5 Nd4
21. fxg6 Nxe2+ 22. Qxe2 Qf6 23. f5 Qg5+ 24. Kb1 Rae8 25. Qc2 hxg6 26. fxg6 c6
27. Be4 d5 28. cxd5 cxd5 29. Qc7 Re7 30. Bxd5+ Qxd5 31. Qxe7 Qd3+ 32. Ka1 Qxg6
33. h7+ 1-0

[Event "2BLO 1819 FC Bayern München - SK Weilh"]
[Site "?"]
[Date "2018.12.15"]
[Round "3.7"]
[White "Wiesinger, Robert"]
[Black "Lokander, Martin"]
[Result "1-0"]
[WhiteElo "2235"]
[BlackElo "2405"]
[PlyCount "107"]
[EventDate "2018.??.??"]

1. e4 e5 2. Nf3 Nc6 3. d4 exd4 4. Nxd4 Nf6 5. Nxc6 bxc6 6. e5 Qe7 7. Qe2 Nd5 8.
c4 Nb6 9. Nc3 Qe6 10. Qe4 Ba6 11. b3 O-O-O 12. Bb2 Re8 13. f4 f6 14. c5 Bxf1
15. cxb6 Ba6 16. bxa7 Kb7 17. O-O-O d5 18. Qa4 fxe5 19. fxe5 Bc5 20. Qa5 Qe7
21. Kb1 d4 22. Ne4 Bb4 23. Nd6+ Qxd6 24. Qxa6+ Kxa6 25. exd6 Bxd6 26. Rxd4 Re2
27. Ra4+ Kb7 28. Bxg7 Ra8 29. g4 Rxa7 30. Rxa7+ Kxa7 31. h4 Rg2 32. g5 Rg4 33.
Bc3 c5 34. Bd2 Rg2 35. Kc1 c4 36. bxc4 Rg4 37. h5 Rxc4+ 38. Kd1 Be5 39. Re1 Bd6
40. Re6 Rd4 41. Ke2 Rg4 42. Rh6 Rg2+ 43. Kd3 Rg3+ 44. Ke4 Rg4+ 45. Kf3 Rg3+ 46.
Kf2 Ra3 47. Be3+ Kb7 48. Rxh7 Rxa2+ 49. Kf3 Ra3 50. Rh8 Ra4 51. g6 Be5 52. Re8
Bg7 53. Re7 Bf8 54. Rf7 1-0

[Event "2BLO 1819 FC Bayern München - SK Weilh"]
[Site "?"]
[Date "2018.12.15"]
[Round "3.8"]
[White "Rafiee, Makan"]
[Black "Tafertshofer, Matthias"]
[Result "1-0"]
[WhiteElo "2347"]
[BlackElo "2063"]
[PlyCount "73"]
[EventDate "2018.??.??"]

1. e4 e6 2. d4 d5 3. Nc3 Nf6 4. e5 Nfd7 5. f4 c5 6. Nce2 Nc6 7. c3 b5 8. a3 c4
9. Nf3 Nb6 10. g3 Be7 11. Bg2 Na5 12. Nd2 Bd7 13. O-O g6 14. g4 h5 15. h3 Bf8
16. Ng3 hxg4 17. hxg4 Qh4 18. Kf2 Qe7 19. Rh1 Bg7 20. Rxh8+ Bxh8 21. Qh1 O-O-O
22. Qh7 Qe8 23. f5 gxf5 24. gxf5 f6 25. Nf3 Nb3 26. Rb1 Nxc1 27. Rxc1 fxe5 28.
dxe5 exf5 29. Nxf5 Kb8 30. Re1 Be6 31. Nd6 Rd7 32. Qh6 Qg8 33. Nd4 Bg4 34.
N6xb5 Bg7 35. Qg6 Qf7+ 36. Qxf7 Rxf7+ 37. Kg3 1-0

[Event "2BLO 1819 Münchner SC 1836 - SC Garchi"]
[Site "?"]
[Date "2018.12.15"]
[Round "3.1"]
[White "Stocek, Jiri"]
[Black "Schnider, Gert"]
[Result "1-0"]
[WhiteElo "2576"]
[BlackElo "2425"]
[PlyCount "55"]
[EventDate "2018.??.??"]

1. d4 d5 2. Nf3 Nf6 3. c4 e6 4. Bg5 a6 5. e3 Be7 6. Nbd2 O-O 7. Qc2 Nbd7 8. Rc1
dxc4 9. Bxc4 c5 10. Be2 cxd4 11. Nxd4 Ne5 12. O-O Bd7 13. Qc7 Nc6 14. Qxb7 Nxd4
15. exd4 Nd5 16. Bxe7 Qxe7 17. Qb3 Rab8 18. Qc2 Qb4 19. Nc4 Rfc8 20. Rfd1 Bb5
21. b3 a5 22. a3 Qe7 23. Qd2 a4 24. b4 g6 25. Ne3 Bxe2 26. Qxe2 Nc3 27. Rxc3
Rxc3 28. Nd5 1-0

[Event "2BLO 1819 Münchner SC 1836 - SC Garchi"]
[Site "?"]
[Date "2018.12.15"]
[Round "3.2"]
[White "Berchtenbreiter, Maximilian"]
[Black "Hess, Max"]
[Result "0-1"]
[WhiteElo "2444"]
[BlackElo "2318"]
[PlyCount "112"]
[EventDate "2018.??.??"]

1. e4 c5 2. Nf3 e6 3. c3 Nf6 4. e5 Nd5 5. d4 cxd4 6. cxd4 d6 7. Bc4 Be7 8. O-O
O-O 9. Re1 b6 10. Bxd5 exd5 11. Nc3 Be6 12. Bf4 Nc6 13. Nb5 dxe5 14. Nxe5 Nxe5
15. dxe5 Qd7 16. Nd4 Rac8 17. Re3 Bg4 18. Qd2 Rfe8 19. h3 Bh5 20. Rg3 Bg6 21.
Rc1 Rc4 22. b3 Bb4 23. Qb2 Rxc1+ 24. Qxc1 Rc8 25. Qd1 Be7 26. Qd2 a5 27. a4 Bb4
28. Qd1 Be7 29. Be3 Rc3 30. Bf4 Qc8 31. Rxc3 Qxc3 32. Nb5 Qd3 33. Qc1 h6 34.
Qc8+ Kh7 35. Qc7 Bc5 36. Bg3 Qxg3 37. Qxc5 Qxg2+ 38. Kxg2 bxc5 39. Nd6 Bc2 40.
Nb7 c4 41. bxc4 dxc4 42. Kf3 Bxa4 43. Ke3 c3 44. Nxa5 Kg6 45. Nb7 Bd7 46. h4
Be6 47. Kd3 Kf5 48. Nd6+ Kxe5 49. Ne8 g6 50. Kxc3 Kf4 51. Kd4 Kg4 52. Ke5 Kxh4
53. f4 Kg3 54. Nf6 h5 55. Ne4+ Kg2 56. Ng5 h4 0-1

[Event "2BLO 1819 Münchner SC 1836 - SC Garchi"]
[Site "?"]
[Date "2018.12.15"]
[Round "3.3"]
[White "Renner, Christoph"]
[Black "Lapcevic, Milos"]
[Result "0-1"]
[WhiteElo "2341"]
[BlackElo "2388"]
[PlyCount "80"]
[EventDate "2018.??.??"]

1. e4 c5 2. d3 Nc6 3. g3 d5 4. Nd2 e6 5. Bg2 Nge7 6. f4 g6 7. Ngf3 Bg7 8. O-O
O-O 9. c3 b6 10. Qe2 a5 11. a4 Rb8 12. Re1 Ba6 13. e5 b5 14. Nb3 c4 15. Nc5 Bc8
16. d4 b4 17. h4 Nf5 18. Kh2 h5 19. Bh3 Re8 20. Rg1 Bf8 21. g4 hxg4 22. Rxg4
Bxc5 23. dxc5 Kg7 24. h5 Rh8 25. Rg5 Nce7 26. Nd4 bxc3 27. bxc3 Nxd4 28. cxd4
Rb3 29. Be3 Bd7 30. Rag1 Kf8 31. Bf2 Qb8 32. R1g2 Qb4 33. Qg4 Qa3 34. Bg3 Rh6
35. hxg6 fxg6 36. c6 Bc8 37. c7 Kf7 38. Qe2 Nf5 39. Qf2 Qf8 40. Rxf5+ gxf5 0-1

[Event "2BLO 1819 Münchner SC 1836 - SC Garchi"]
[Site "?"]
[Date "2018.12.15"]
[Round "3.4"]
[White "Schimpf, Markus"]
[Black "Koepke, Christian"]
[Result "1/2-1/2"]
[WhiteElo "2292"]
[BlackElo "2332"]
[PlyCount "39"]
[EventDate "2018.??.??"]

1. d4 d5 2. Bf4 Nf6 3. e3 e6 4. Nf3 Bd6 5. Bg3 O-O 6. Bd3 b6 7. Nbd2 Bb7 8. Ne5
Ne4 9. Nxe4 dxe4 10. Qg4 Nd7 11. Bh4 Be7 12. Bxe7 Qxe7 13. Nxd7 Qxd7 14. Qf4
Qd6 15. Qxd6 cxd6 16. c4 Rfc8 17. O-O Rc7 18. Rfc1 Rac8 19. Rc3 d5 20. Rac1
1/2-1/2

[Event "2BLO 1819 Münchner SC 1836 - SC Garchi"]
[Site "?"]
[Date "2018.12.15"]
[Round "3.5"]
[White "Koepke, Elena"]
[Black "Ciolek, Andreas"]
[Result "1-0"]
[WhiteElo "2282"]
[BlackElo "2292"]
[PlyCount "105"]
[EventDate "2018.??.??"]

1. e4 c5 2. Nf3 d6 3. Bb5+ Bd7 4. Bxd7+ Nxd7 5. O-O Ngf6 6. d3 e6 7. b3 Be7 8.
Bb2 O-O 9. Nc3 Qc7 10. Re1 a6 11. a4 b6 12. Nd2 Rfe8 13. f4 Qc6 14. Qf3 b5 15.
axb5 axb5 16. e5 Qxf3 17. Nxf3 b4 18. Na4 Nd5 19. g3 N7b6 20. Nxb6 Nxb6 21.
exd6 Bxd6 22. Nd2 Be7 23. Kf2 Nd5 24. Rxa8 Rxa8 25. Ra1 Rxa1 26. Bxa1 Bf6 27.
Bxf6 Nxf6 28. Kf3 Kf8 29. Ne4 Nxe4 30. Kxe4 Ke7 31. d4 Kd6 32. dxc5+ Kxc5 33.
Ke5 h6 34. h3 h5 35. Ke4 f6 36. Kd3 h4 37. gxh4 g6 38. Ke4 Kc6 39. Kd4 Kb5 40.
c4+ bxc3 41. Kxc3 Kc5 42. b4+ Kd5 43. Kd3 f5 44. h5 gxh5 45. h4 e5 46. fxe5
Kxe5 47. Ke3 Kd5 48. Kf4 Kc4 49. Kxf5 Kxb4 50. Kg5 Kc5 51. Kxh5 Kd6 52. Kg6 Ke7
53. Kg7 1-0

[Event "2BLO 1819 Münchner SC 1836 - SC Garchi"]
[Site "?"]
[Date "2018.12.15"]
[Round "3.6"]
[White "Rendle, Thomas E"]
[Black "Pitschka, Claus"]
[Result "1-0"]
[WhiteElo "2371"]
[BlackElo "2241"]
[PlyCount "51"]
[EventDate "2018.??.??"]

1. e4 e5 2. Nf3 d6 3. Bc4 Be7 4. O-O Nf6 5. d3 O-O 6. a4 c6 7. Re1 a5 8. Nbd2
Na6 9. Nf1 Be6 10. Ng3 Re8 11. Bxe6 fxe6 12. c3 Qb6 13. Nd2 Nc5 14. Nc4 Qa6 15.
Be3 b5 16. axb5 Qxb5 17. Bxc5 Qxc5 18. Rxa5 Rxa5 19. b4 Qb5 20. Nxa5 c5 21. Qb3
d5 22. exd5 cxb4 23. Nc6 Qxd3 24. Nxe7+ Rxe7 25. d6 Qxd6 26. Nf5 1-0

[Event "2BLO 1819 Münchner SC 1836 - SC Garchi"]
[Site "?"]
[Date "2018.12.15"]
[Round "3.7"]
[White "Seifert, Volker"]
[Black "Alvir, Aco"]
[Result "1/2-1/2"]
[WhiteElo "2320"]
[BlackElo "2328"]
[PlyCount "73"]
[EventDate "2018.??.??"]

1. d4 Nf6 2. c4 g6 3. Nc3 Bg7 4. e4 O-O 5. Be3 d6 6. f3 c6 7. Bd3 a6 8. a4 a5
9. Qd2 Na6 10. Rd1 e5 11. d5 Qe7 12. Nge2 Nb4 13. Bb1 cxd5 14. cxd5 Nd7 15. O-O
b6 16. Nc1 Nc5 17. b3 Ba6 18. Rfe1 Rfc8 19. N3a2 Nxa2 20. Qxa2 Bf6 21. Qd2 Qe8
22. Bc2 Bd8 23. f4 Bf6 24. f5 Ra7 25. b4 axb4 26. Qxb4 Qd8 27. Ne2 Bh4 28. g3
Bg5 29. Bf2 Qc7 30. h4 Bh6 31. g4 Bxe2 32. Rxe2 Bf4 33. Rb1 Ra6 34. Qb5 Qa7 35.
Rb4 Nd7 36. Rc4 Nc5 37. Bxc5 1/2-1/2

[Event "2BLO 1819 Münchner SC 1836 - SC Garchi"]
[Site "?"]
[Date "2018.12.15"]
[Round "3.8"]
[White "Hennig, Dirk"]
[Black "Schlichtmann, Robin"]
[Result "1-0"]
[WhiteElo "2383"]
[BlackElo "2179"]
[PlyCount "115"]
[EventDate "2018.??.??"]

1. d4 Nf6 2. Bg5 Ne4 3. Bh4 d5 4. f3 Nd6 5. Nc3 g6 6. Bf2 c6 7. e4 dxe4 8. fxe4
Bg7 9. e5 Nf5 10. g4 Nh6 11. h3 c5 12. Nf3 cxd4 13. Qxd4 Qxd4 14. Bxd4 Nc6 15.
O-O-O Nxd4 16. Rxd4 Bd7 17. Bb5 O-O-O 18. Bxd7+ Rxd7 19. Rxd7 Kxd7 20. Rd1+ Kc8
21. Nd5 Ng8 22. Rd4 h5 23. Rc4+ Kd8 24. g5 e6 25. Nf6 Ne7 26. b4 Nc6 27. b5 Na5
28. Rc3 b6 29. h4 Nb7 30. Nd4 Bxf6 31. gxf6 Kd7 32. Nc6 Ra8 33. Ra3 Nc5 34. Kd2
a5 35. Ke3 Rc8 36. Rc3 Rc7 37. Rc4 Ke8 38. Rd4 Rd7 39. c3 Nb7 40. Kf4 Nc5 41.
Kg5 Rxd4 42. cxd4 Ne4+ 43. Kh6 Nc3 44. Kg7 Nxb5 45. Kg8 a4 46. a3 Nc3 47. Ne7
Ne4 48. Nxg6 b5 49. Nh8 b4 50. Nxf7 Kd7 51. Nd6 Nxf6+ 52. exf6 bxa3 53. f7 a2
54. f8=Q a1=Q 55. Nb5 Qg1+ 56. Kh8 Kc6 57. Qc5+ Kb7 58. Nd6+ 1-0

[Event "2BLO 1819 SK Passau - Nickelhütte Aue"]
[Site "?"]
[Date "2018.12.16"]
[Round "4.1"]
[White "Papp, Gabor"]
[Black "Schwabeneder, Florian"]
[Result "1-0"]
[WhiteElo "2603"]
[BlackElo "2455"]
[PlyCount "51"]
[EventDate "2018.??.??"]

1. e4 g6 2. d4 c6 3. Nc3 d5 4. Nf3 Bg7 5. h3 dxe4 6. Nxe4 Nf6 7. Nxf6+ exf6 8.
Be3 O-O 9. Qd2 Be6 10. Be2 Re8 11. c4 Na6 12. O-O Nc7 13. a4 f5 14. Rfd1 Qe7
15. Rac1 f6 16. d5 cxd5 17. cxd5 Nxd5 18. Bc5 Qc7 19. Nd4 Bf7 20. Bf3 Red8 21.
Nb5 Qf4 22. Qe1 Bf8 23. Bxf8 Kxf8 24. Rd4 Qe5 25. Qd2 Rd7 26. Re1 1-0

[Event "2BLO 1819 SK Passau - Nickelhütte Aue"]
[Site "?"]
[Date "2018.12.16"]
[Round "4.2"]
[White "Suran, Jan"]
[Black "Antal, Gergely"]
[Result "1/2-1/2"]
[WhiteElo "2409"]
[BlackElo "2553"]
[PlyCount "89"]
[EventDate "2018.??.??"]

1. e4 e6 2. d4 d5 3. Nd2 c5 4. Ngf3 Nc6 5. exd5 exd5 6. Bb5 Qe7+ 7. Be2 Qc7 8.
O-O Nf6 9. Re1 Be6 10. Nf1 Qb6 11. c3 cxd4 12. Nxd4 Nxd4 13. Qxd4 Qxd4 14. Bb5+
Kd8 15. cxd4 Bb4 16. Bd2 Bxd2 17. Nxd2 Rc8 18. Rac1 Ke7 19. f3 Kd6 20. Bd3 Nd7
21. Nf1 Nb8 22. Ng3 Nc6 23. Ne2 h5 24. h4 Ne7 25. Nf4 Rxc1 26. Rxc1 Bf5 27. Bb5
f6 28. Kf2 g5 29. hxg5 fxg5 30. Ne2 a6 31. Ba4 h4 32. a3 Rf8 33. Ke3 g4 34. Rh1
gxf3 35. gxf3 Bg6 36. Kf2 Rxf3+ 37. Kxf3 Be4+ 38. Kg4 Bxh1 39. Kxh4 Bf3 40. Ng3
Ke6 41. Kg5 b5 42. Kf4 Bg2 43. Bd1 Bh3 44. b4 Kd6 45. Ke3 1/2-1/2

[Event "2BLO 1819 SK Passau - Nickelhütte Aue"]
[Site "?"]
[Date "2018.12.16"]
[Round "4.3"]
[White "Meijers, Viesturs"]
[Black "Wisnet, Dominic"]
[Result "1-0"]
[WhiteElo "2437"]
[BlackElo "2295"]
[PlyCount "177"]
[EventDate "2018.??.??"]

1. c4 Nf6 2. g3 e6 3. Bg2 d5 4. b3 Be7 5. Bb2 O-O 6. Nf3 c5 7. cxd5 Nxd5 8. O-O
Nc6 9. Nc3 Nxc3 10. Bxc3 Qd6 11. d4 Bf6 12. e3 Rd8 13. Ne5 Nxe5 14. dxe5 Qc7
15. Qc2 Bxe5 16. Bxe5 Qxe5 17. Rfd1 Bd7 18. Bxb7 Rab8 19. Bg2 Bb5 20. Rac1 g6
21. Bf1 Rxd1 22. Rxd1 Bc6 23. Bg2 Bb5 24. h4 a5 25. Rc1 Rc8 26. Qc3 Qxc3 27.
Rxc3 Kf8 28. Bf1 Be8 29. Ba6 Rc7 30. Kf1 Ke7 31. Ke2 Ra7 32. Bd3 Kd6 33. a4 h6
34. e4 f6 35. Bc4 Bc6 36. Ke3 g5 37. Rd3+ Ke7 38. hxg5 hxg5 39. f4 gxf4+ 40.
gxf4 Rb7 41. Rd2 Rb4 42. Rc2 Kd6 43. Rd2+ Ke7 44. Rc2 e5 45. f5 Kd6 46. Kd3 Rb7
47. Rh2 Rg7 48. Rh6 Ke7 49. Be6 Rg1 50. Rh7+ Kd6 51. Rf7 Rd1+ 52. Kc3 Rd4 53.
Rxf6 Bxe4 54. Bc4+ Kc7 55. Re6 Bc6 56. f6 Rd8 57. Rxe5 Kd6 58. Re6+ Kc7 59. f7
Rf8 60. Rg6 Kd7 61. Kd3 Bb7 62. Rg8 Ke7 63. Rxf8 Kxf8 64. Ke3 Ke7 65. Kf4 Bg2
66. Kf5 Bf3 67. Kg6 Kf8 68. Kf6 Bh5 69. Ke5 Ke7 70. f8=Q+ Kxf8 71. Kd6 Ke8 72.
Kxc5 Kd7 73. Kb6 Kc8 74. Kxa5 Kb7 75. Bd5+ Ka7 76. b4 Bd1 77. b5 Bc2 78. b6+
Kb8 79. Kb4 Bd3 80. a5 Ba6 81. Bc4 Bb7 82. a6 Bf3 83. Kc5 Ba8 84. Bd5 Bb7 85.
Bc4 Bc8 86. Kd6 Bf5 87. Bd5 Kc8 88. a7 Bd7 89. a8=Q# 1-0

[Event "2BLO 1819 SK Passau - Nickelhütte Aue"]
[Site "?"]
[Date "2018.12.16"]
[Round "4.4"]
[White "Weiss, Christian"]
[Black "Slobodjan, Roman"]
[Result "1/2-1/2"]
[WhiteElo "2371"]
[BlackElo "2465"]
[PlyCount "73"]
[EventDate "2018.??.??"]

1. c4 e6 2. Nf3 d5 3. e3 Nf6 4. b3 c5 5. Bb2 Nc6 6. cxd5 exd5 7. Be2 Bd6 8. O-O
O-O 9. d4 cxd4 10. Nxd4 Re8 11. Nd2 Ne5 12. Bb5 Re7 13. N4f3 Bf5 14. Nxe5 Bxe5
15. Bxe5 Rxe5 16. Nf3 Re7 17. Nd4 Bg6 18. Bd3 Qa5 19. Bxg6 hxg6 20. Qe1 Qb6 21.
Rc1 Rc7 22. Rxc7 Qxc7 23. f3 Rc8 24. Qd2 b6 25. Ra1 Qe5 26. Rc1 Rc5 27. Rc3 Qc7
28. Ne2 a6 29. Qd4 Kf8 30. g4 g5 31. Kg2 Ke7 32. h3 g6 33. Rd3 Rc2 34. Rd2 Rc5
35. Rd3 Rc2 36. Rd2 Rc5 37. Rd3 1/2-1/2

[Event "2BLO 1819 SK Passau - Nickelhütte Aue"]
[Site "?"]
[Date "2018.12.16"]
[Round "4.5"]
[White "Spiess, Gunter"]
[Black "Testor, Sebastian"]
[Result "1/2-1/2"]
[WhiteElo "2418"]
[BlackElo "2289"]
[PlyCount "57"]
[EventDate "2018.??.??"]

1. d4 e6 2. c4 Nf6 3. Nf3 b6 4. g3 Ba6 5. Qc2 Bb7 6. Bg2 c5 7. d5 exd5 8. cxd5
Nxd5 9. O-O Be7 10. Qe4 Bc6 11. Ne5 Nf6 12. Nxc6 Nxc6 13. Qa4 O-O 14. Nc3 a6
15. Bxc6 dxc6 16. Qxc6 Qd6 17. Qxd6 Bxd6 18. Rd1 Rad8 19. Bg5 Be7 20. e4 h6 21.
Bxf6 Bxf6 22. Nd5 b5 23. Rac1 c4 24. b3 cxb3 25. axb3 Rfe8 26. f4 Rb8 27. e5
Bd8 28. Nc7 Bxc7 29. Rxc7 1/2-1/2

[Event "2BLO 1819 SK Passau - Nickelhütte Aue"]
[Site "?"]
[Date "2018.12.16"]
[Round "4.6"]
[White "Hellmayr, Alois"]
[Black "Langrock, Hannes"]
[Result "0-1"]
[WhiteElo "2263"]
[BlackElo "2367"]
[PlyCount "52"]
[EventDate "2018.??.??"]

1. Nf3 d5 2. g3 Bg4 3. Bg2 Nd7 4. c4 e6 5. O-O Bxf3 6. Bxf3 Ne5 7. Qb3 Nxf3+ 8.
Qxf3 c6 9. d3 Nf6 10. e4 dxe4 11. dxe4 Bd6 12. Rd1 Qc7 13. Nc3 O-O 14. Bf4 Bxf4
15. gxf4 e5 16. f5 Rad8 17. Rxd8 Rxd8 18. Rd1 Rd4 19. Qe2 Qd8 20. Rxd4 Qxd4 21.
Kf1 g6 22. fxg6 hxg6 23. f4 exf4 24. e5 f3 25. Qxf3 Ng4 26. Qe4 Qf2# 0-1

[Event "2BLO 1819 SK Passau - Nickelhütte Aue"]
[Site "?"]
[Date "2018.12.16"]
[Round "4.7"]
[White "Eichner, Sebastian"]
[Black "Mostbauer, Florian"]
[Result "0-1"]
[WhiteElo "2361"]
[BlackElo "2341"]
[PlyCount "88"]
[EventDate "2018.??.??"]

1. d4 d5 2. c4 c6 3. Nf3 Nf6 4. Nc3 dxc4 5. a4 Bf5 6. e3 e6 7. Bxc4 Bb4 8. O-O
O-O 9. Qe2 Ne4 10. Nxe4 Bxe4 11. Nd2 Bg6 12. Nb3 Nd7 13. e4 Qe7 14. f4 f6 15.
a5 Bf7 16. e5 f5 17. Be3 b5 18. axb6 Nxb6 19. Ba6 Rfd8 20. Rfc1 Be8 21. Bd2 Nd5
22. g3 Rab8 23. Na5 c5 24. Bxb4 Nxb4 25. Rxc5 Rxd4 26. Rac1 Nxa6 27. Qxa6 Rxb2
28. R5c2 Rxc2 29. Rxc2 Qd7 30. Nc4 Rd1+ 31. Kf2 Qd4+ 32. Ne3 Rd2+ 33. Rxd2
Qxd2+ 34. Kf3 Bh5+ 35. g4 fxg4+ 36. Nxg4 Qd1+ 37. Ke3 Qxg4 38. Qc8+ Kf7 39.
Qd7+ Kg6 40. Qe8+ Kh6 41. Qf8 Qh3+ 42. Kd4 Qf5 43. Qe7 Qxf4+ 44. Kd3 Bg6+ 0-1